| 000 | 00520nam a2200145Ia 4500 | ||
|---|---|---|---|
| 008 | 170221s9999 xx 000 0 und d | ||
| 100 | _aVyacheslav N. Maleichenko | ||
| 245 | _aImprovement of Agrarian Relations as a Prerogative of the State | ||
| 245 | _cVyacheslav N. Maleichenko, Elena I. Artyomova, Maria V. Zelinskaya | ||
| 260 | _bInternational Review of Management and Marketing | ||
| 260 | _c2012 | ||
| 300 | _a: | ||
| 650 | _xMarketing. | ||
| 856 | _uhttp://www.econjournals.com/index.php/irmm/issue/view/70 | ||
| 999 |
_c313992 _d313992 |
||